| 000 | 01159nam a2200337 i 4500 | ||
|---|---|---|---|
| 001 | bg | ||
| 003 | KOSZ 005 | ||
| 005 | 20200406102901.0 | ||
| 008 | 970513s1992 pl a f f |000 0 pol | ||
| 015 | _aPB 1992/11535 | ||
| 020 | _a8301108436 | ||
| 035 | _a(OCoLC)749835883 | ||
| 040 |
_aWA N _cKOSZ 005/HR _dKOSZ 005/HR |
||
| 080 | _a620.1 | ||
| 080 | _a539.3/.6 | ||
| 080 | _a(075.8+076) | ||
| 100 | 1 |
_aBanasiak, Mirosław _eAutor |
|
| 245 | 1 | 0 |
_aZbiór zadań z wytrzymałości materiałów / _cMirosław Banasiak, Kazimierz Grossman, Marek Trombski. |
| 260 |
_aWarszawa : _bWydaw. Naukowe PWN, _c1992. |
||
| 300 |
_a603, [1] s. : _brys., err. ; _c24 cm. |
||
| 380 | _aKsiążki. | ||
| 504 | _aBibliogr. s. [604]. | ||
| 658 | _aInżynieria i technika | ||
| 655 | 4 | _aĆwiczenia i zadania dla szkół wyższych | |
| 650 | 4 | _aWytrzymałość materiałów | |
| 700 | 1 | _aGrossman, Kazimierz. | |
| 700 | 1 |
_aTrombski, Marek _d(1937- ). |
|
| 710 | 2 |
_aWydawnictwo Naukowe PWN _4pbl. |
|
| 856 |
_uhttp://koha.tu.koszalin.pl/cgi-bin/koha/opac-detail.pl?biblionumber=5353 _yKatalog online BPK |
||
| 942 |
_2UKD _cKS |
||
| 999 |
_c5353 _d5353 |
||